00329nam a22001217a 450000500170000002000230001703500130004003700130005310000210006624500480008726000500013530000220018520120302154042.0 a8131300382c595.00 aB-216473 aDPLbENG aRamanujam, R. C. aMultimedia journalism /cby R. C. Ramanujam aNew DelhibA P H Publishing Corporationc2006 av, 290p.c20 cms.